An illustrated guide to furniture history / (Record no. 30963)

MARC details
000 -LEADER
fixed length control field 02534cam a22003138i 4500
001 - CONTROL NUMBER
control field 21890006
003 - CONTROL NUMBER IDENTIFIER
control field EG-ScBUE
005 - DATE AND TIME OF LATEST TRANSACTION
control field 20250511115032.0
008 - FIXED-LENGTH DATA ELEMENTS--GENERAL INFORMATION
fixed length control field 210202s2022 enka f b 001 0 eng d
020 ## - INTERNATIONAL STANDARD BOOK NUMBER
International Standard Book Number 9780367406561
040 ## - CATALOGING SOURCE
Original cataloging agency DLC
Language of cataloging eng
Description conventions rda
Transcribing agency DLC
Modifying agency rda
082 04 - DEWEY DECIMAL CLASSIFICATION NUMBER
Classification number 749.09
Edition number 22
Item number OAT
100 1# - MAIN ENTRY--PERSONAL NAME
Personal name Oats, Joclyn M.,
Relator term author.
245 13 - TITLE STATEMENT
Title An illustrated guide to furniture history /
Statement of responsibility, etc Joclyn M. Oats.
264 #1 - PUBLICATION, DISTRIBUTION, ETC. (IMPRINT)
Place of publication, distribution, etc Abingdon, Oxon ;
-- New York :
Name of publisher, distributor, etc Routledge,
Date of publication, distribution, etc 2022.
300 ## - PHYSICAL DESCRIPTION
Extent xxviii, 358 pages :
Other physical details color illustrations ;
Dimensions 24 cm
336 ## - CONTENT TYPE
Content type term text
Content type code txt
Source rdacontent
337 ## - MEDIA TYPE
Media type term unmediated
Media type code n
Source rdamedia
338 ## - CARRIER TYPE
Carrier type term volume
Carrier type code nc
Source rdacarrier
504 ## - BIBLIOGRAPHY, ETC. NOTE
Bibliography, etc Includes bibliographical references and index.
520 ## - SUMMARY, ETC.
Summary, etc "An Illustrated Guide to Furniture History provides upper-level students and instructors with an alternative visual analytical approach to learning about furniture history from antiquity to post-modernism. Following an immersive teaching model, it presents a nine-step methodology to help strengthen students' visual literacy and quickly acquire subject area knowledge. Moving chronologically through key periods in furniture history and interior design, such as the Renaissance, the Arts & Crafts Movement and Modernism, it traverses from Europe to America to present a comprehensive foundational guide to the history of furniture design. Part I addresses furniture within the context of the built environment, with chapters exploring the historical perspective, construction principles, and the categorization of furniture. In Part II, the author visually depicts the structural organization of the methodological process, a three-category framework - History, Aesthetics and Visual Notes. The chapters in this part prepare the reader for the visual analysis that will occur in the final section of the book. The book is lavishly illustrated in full colour with over 300 images to reinforce visual learning and notation. A must-have reference and study guide for students in industrial and product design, interior design and architecture"--
Assigning source Provided by publisher.
650 #7 - SUBJECT ADDED ENTRY--TOPICAL TERM
Topical term or geographic name as entry element Furniture
General subdivision History.
Source of heading or term BUEsh
653 ## - INDEX TERM--UNCONTROLLED
Arrived date list May2025
Resource For college Arts and Design
655 ## - INDEX TERM--GENRE/FORM
Form subdivision Reading book
776 08 - ADDITIONAL PHYSICAL FORM ENTRY
Display text Online version:
Main entry heading Oats, Joclyn M.
Title Illustrated guide to furniture history
Place, publisher, and date of publication London ; New York : Routledge, Taylor & Francis Group, 2022
International Standard Book Number 9780367808297
Record control number (DLC) 2021000517
906 ## - LOCAL DATA ELEMENT F, LDF (RLIN)
a 7
b cbc
c orignew
d 1
e ecip
f 20
g y-gencatlg
942 ## - ADDED ENTRY ELEMENTS (KOHA)
Source of classification or shelving scheme Dewey Decimal Classification
Koha item type Book - Borrowing
Holdings
Withdrawn status Lost status Source of classification or shelving scheme Damaged status Not for loan Collection code Home library Current library Shelving location Date acquired Source of acquisition Cost, normal purchase price Serial Enumeration / chronology Total Checkouts Total Renewals Full call number Barcode Date last seen Date checked out Cost, replacement price Price effective from Koha item type
    Dewey Decimal Classification     Baccah Central Library Central Library Second Floor 11/05/2025 Purchase 1863.00 39223 2 9 749.09 OAT 000057320 28/01/2026 27/11/2025 2328.75 11/05/2025 Book - Borrowing